000 00930nam a2200253 i 4500
001 bg
100 1 _aSZUDROWICZ, Barbara.
245 1 0 _aMetody obliczania izolacyjności akustycznej między pomieszczeniami w budynku według PN-EN 12354-1:2002, PN-EN 12354-2:2002 /
_c[Barbara Szudrowicz] ; Instytut Techniki Budowlanej.
260 _aWarszawa :
_bITB,
_c2005.
300 _a122 s. :
_brys. ;
_c24 cm.
490 1 _aInstrukcje, Wytyczne, Poradniki / Instytut Techniki Budowlanej ;
_vnr 406/2003
650 9 _aIzolacje akustyczne
650 9 _aAkustyka budowlana
_xpomiary
655 _aPoradniki
710 2 _aInstytut Techniki Budowlanej
830 0 _aInstrukcje, Wytyczne, Poradniki - Instytut Techniki Budowlanej ;
_vnr 406/2003
020 _a8374135840
040 _cBPK
041 0 _apol
080 _a699.8:534.8](083.1)
920 _a83-7413-584-0
942 _cKS
008 s pl f |000 0 pol
999 _c45957
_d45957
856 _uhttp://koha.tu.koszalin.pl/cgi-bin/koha/opac-detail.pl?biblionumber=45957
_yKatalog online BPK